Prescripción y caducidad de las acciones por terminación del contrato de trabajo
Gespeichert in:
| 1. Verfasser: | |
|---|---|
| Format: | Buch |
| Sprache: | Spanisch |
| Veröffentlicht: |
Santiago
El Jurista
2013
|
| Ausgabe: | 1a. ed |
| Schlagworte: | |
| Tags: |
Tag hinzufügen
Keine Tags, Fügen Sie den ersten Tag hinzu!
|
MARC
| LEADER | 00000cam a2200000 a 4500 | ||
|---|---|---|---|
| 001 | UCE0788 | ||
| 003 | CL-VaPUC | ||
| 008 | 140307e20130000cl |||||||||||||||||spa|d | ||
| 020 | |a 9789568839512 | ||
| 082 | 0 | 4 | |a 343.83018 |b CON |2 21 |
| 100 | 0 | |a Contreras Bolla, Juan José |e author |9 573139 | |
| 245 | 1 | 0 | |a Prescripción y caducidad de las acciones por terminación del contrato de trabajo |
| 250 | |a 1a. ed | ||
| 300 | |a 74 p | ||
| 942 | |c BK | ||
| 945 | |d 20140307 11:03:00 |a dcastane | ||
| 260 | |a Santiago |b El Jurista |c 2013 | ||
| 650 | 0 | |a Término del contrato de trabajo |9 388598 | |
| 650 | 0 | |a Contratos de trabajo |9 254966 | |
| 650 | 0 | |a Derecho y legislación |9 255077 | |
| 650 | 0 | |a Prescripción |9 333873 | |
| 650 | 7 | |a CADUCIDAD |2 CL-VaPUC |9 336605 | |
| 583 | |a last modification |c 20140307 11:03:00 |k Rodrigo Vera | ||
| 999 | |c 354816 |d 354814 | ||
| 952 | |0 0 |1 0 |3 erb |4 0 |6 343_830180000000000_CON_2013 |7 0 |8 A |9 461005 |a BIBDER |b BIBDER |i 5029392 |o 343.83018 CON 2013 |p 5029392 |r 2023-01-25 |w 2019-11-23 |y BK |z Catalogado en:20140307 |k DER | ||